000
00287nam a22001337a 4500
008
181106b xxu||||| |||| 00| 0 eng d
020
_a
2900077292736
041
_a
eng
080
_2
10 th
_a
510
100
_a
37
101
_a
MAT
245
_a
Calculus
_c
Hoffman.l.d
942
_2
udc
_c
BK
999
_c
51937
_d
51937